University Physics : with modern physics (Record no. 5128)
[ view plain ]
| 000 -LEADER | |
|---|---|
| fixed length control field | 00543nam a2200193 ar4500 |
| 001 - CONTROL NUMBER | |
| control field | 5130 |
| 005 - DATE AND TIME OF LATEST TRANSACTION | |
| control field | 20221127091107.0 |
| 008 - FIXED-LENGTH DATA ELEMENTS--GENERAL INFORMATION | |
| fixed length control field | 201608s ||| 00010|eng d |
| 020 ## - INTERNATIONAL STANDARD BOOK NUMBER | |
| International Standard Book Number | 9781292314730 (pbk) |
| Terms of availability | SR 220 |
| 082 04 - DEWEY DECIMAL CLASSIFICATION NUMBER | |
| Classification number | 530 Hu49 2020 |
| 100 1# - MAIN ENTRY--PERSONAL NAME | |
| Personal name | Young Hugh |
| 245 10 - TITLE STATEMENT | |
| Title | University Physics : with modern physics |
| Statement of responsibility, etc. | Hugh D. Young, Roger D. Freedman |
| 250 ## - EDITION STATEMENT | |
| Edition statement | 15th. ed |
| 260 ## - PUBLICATION, DISTRIBUTION, ETC. | |
| Place of publication, distribution, etc. | USA |
| Name of publisher, distributor, etc. | Pearson |
| Date of publication, distribution, etc. | 2020 |
| 300 ## - PHYSICAL DESCRIPTION | |
| Extent | 1552 pgs |
| Other physical details | ill.col |
| Dimensions | 26.5 cm |
| 500 ## - GENERAL NOTE | |
| General note | Includes index |
| 650 #4 - SUBJECT ADDED ENTRY--TOPICAL TERM | |
| Topical term or geographic name entry element | Modern Physics |
| 700 0# - ADDED ENTRY--PERSONAL NAME | |
| Personal name | Roger D. Freedman |
| Withdrawn status | Lost status | Source of classification or shelving scheme | Damaged status | Not for loan | Home library | Current library | Date acquired | Cost, normal purchase price | Total Checkouts | Full call number | Barcode | Date last seen | Copy number | Price effective from | Koha item type | Total Renewals | Date last checked out |
|---|---|---|---|---|---|---|---|---|---|---|---|---|---|---|---|---|---|
| 11/27/2022 | 530 Hu49 2020 | 1000000017765 | 11/27/2022 | C2 | 11/27/2022 | Book | |||||||||||
| CENTRAL | CENTRAL | 11/27/2022 | 22000.00 | 530 Hu49 2020 | 1000000015108 | 11/27/2022 | C1 | 11/27/2022 | Book | ||||||||
| Dewey Decimal Classification | KHOBAR | KHOBAR | 12/25/2023 | 1 | 530 Hu49 2020 | 1000000034378 | 12/16/2024 | C3 | 12/25/2023 | Book | 1 | 01/14/2024 | |||||
| Dewey Decimal Classification | KHOBAR | KHOBAR | 12/25/2023 | 3 | 530 Hu49 2020 | 1000000034377 | 03/16/2025 | C4 | 12/25/2023 | Book | 1 | 02/04/2025 |
